Utilization of natural rubber in the correction of scoliosis (Record no. 72030)

MARC details
000 -LEADER
fixed length control field 00391nam a2200145Ia 4500
100 ## - MAIN ENTRY--AUTHOR NAME
Personal name Copes A
245 #0 - TITLE STATEMENT
Title Utilization of natural rubber in the correction of scoliosis
260 ## - PUBLICATION, DISTRIBUTION, ETC. (IMPRINT)
Name of publisher Proc. Conf. ACS., Las Vegas
Year of publication 1990
500 ## - GENERAL NOTE
General note Source Year: 1992
650 ## - SUBJECT ADDED ENTRY--TOPICAL TERM
Topical Term Natural rubber
700 ## - ADDED ENTRY--PERSONAL NAME
Personal name Baldwin E
856 ## - ELECTRONIC LOCATION AND ACCESS
Uniform Resource Identifier IRRDB
942 ## - ADDED ENTRY ELEMENTS (KOHA)
Koha item type Journals
Holdings
Withdrawn status Lost status Damaged status Not for loan Home library Current library Date acquired Serial Enumeration / chronology Koha item type
      Journals RRII Library RRII Library 17/12/2021 Volume 31, Issue 0 Journals